| 000 | 00432nam a2200169Ia 4500 | ||
|---|---|---|---|
| 003 | GCL | ||
| 008 | 140319s9999 xx 000 0 eng d | ||
| 040 |
_aGCL / _cGCL |
||
| 082 | 0 | 4 |
_a020.5 _bA U |
| 100 | 1 | _aANDERSON, DOROTHY | |
| 245 | 1 | 0 |
_aUNESCO BULLETIN / _cANDERSON, DOROTHY |
| 260 |
_a[S.N] : _bUNESCO ، _c1973 |
||
| 300 | _a128 P | ||
| 650 | 0 | 4 | _aLIBRARIES - PERIODICALS |
| 650 | 0 | 4 | _aLIBRARY PUBLICATION |
| 942 |
_2ddc _cBK |
||
| 999 |
_c15301 _d15301 |
||